00394nam a2200157Ia 4500008004100000020000700041082001700048100001900065245002900084250000700113260003500120300002700155500001900182600002000201650001500221240925s9999 xx 000 0 und d aNA a681.7669 ROL aRollason , E.C 0aMetallurgy for Engineers aNA aLondon:bEdward Arnoldc,1993. aix,128p.bNAfOriginal aIncludes Index aSocial Sciences aManagement